| 000 | 01098cab a22002055a 4500 | ||
|---|---|---|---|
| 001 | L153245 | ||
| 008 | 110630e20110625xxk 000 0 eng d | ||
| 035 | _a(Sirsi) u153245 | ||
| 041 | 0 | _aeng | |
| 100 | 1 | _aFirth, Beverley | |
| 245 | 0 | 0 | _aGrowth strategies |
| 260 | _c2011 | ||
| 490 |
_aEstates Gazette _v(1125) 25 June 2011, 99(1) |
||
| 520 | _aExplains the processes behind the coalition government's draft of the proposed presumption in favour of sustainable development. Mentions the Conservative Party's green paper 'Open source planning' published before the 2010 election which took the theme of sustainability in a different direction towards localism. Also notes the 'Plan for Growth' published alongside the 2011 Budget which connects sustainability with economic growth. Expects to see reforms to the planning system to allow for development that promotes economic and social benefits. | ||
| 590 | _aKA | ||
| 651 | 4 |
_aUnited Kingdom _y |
|
| 690 | _aENVIRONMENTAL AND LAND CONSULTANCY-SUSTAINABILITY-SUSTAINABLE DEVELOPMENT | ||
| 700 | 1 | _ade Ferrars Green, Christine | |
| 942 | _n0 | ||
| 999 |
_c83238 _d83238 |
||